ARRUPE JESUIT UNIVERSITY

CORONAVIRUS -STOP THE SPREAD - CLEAN,DISINFECT,COVER

The age of the academies (Record no. 123806)

MARC details
000 -LEADER
fixed length control field 00519nam a22001577a 4500
005 - DATE AND TIME OF LATEST TRANSACTION
control field 20151204143208.0
008 - FIXED-LENGTH DATA ELEMENTS--GENERAL INFORMATION
fixed length control field 151119b xxu||||| |||| 00| 0 eng d
050 ## - LIBRARY OF CONGRESS CALL NUMBER
Classification number LC49.
Item number S5
100 ## - MAIN ENTRY--PERSONAL NAME
Personal name Sizer, Theodore R. (ed.)
9 (RLIN) 21140
245 ## - TITLE STATEMENT
Title The age of the academies
Statement of responsibility, etc by Sizer, Theodore R.
260 ## - PUBLICATION, DISTRIBUTION, ETC. (IMPRINT)
Place of publication, distribution, etc New York
Name of publisher, distributor, etc Bereau of Publications
Date of publication, distribution, etc 1964
300 ## - PHYSICAL DESCRIPTION
Extent x, 201p.;
Dimensions 19cm.
440 ## - SERIES STATEMENT/ADDED ENTRY--TITLE
Title Classics in education
Volume number/sequential designation no. 22
9 (RLIN) 21141
650 ## - SUBJECT ADDED ENTRY--TOPICAL TERM
Topical term or geographic name as entry element Private schools
Geographic subdivision United States
General subdivision Addresses
9 (RLIN) 21142
942 ## - ADDED ENTRY ELEMENTS (KOHA)
Source of classification or shelving scheme Library of Congress Classification
Item type Monograph ( Printed materials)
Holdings
Withdrawn status Lost status Source of classification or shelving scheme Damaged status Not for loan Collection code Home library Current library Shelving location Date acquired Total Checkouts Full call number Barcode Date last seen Price effective from Koha item type
    Library of Congress Classification     Main Collection ARRUPE LIBRARY ARRUPE LIBRARY Main Collection 19/11/2015   LC49.S5 46500005776 28/06/2018 19/11/2015 Monograph ( Printed materials)

 

Arrupe Library. PO Box MP320 Mt Pleasant, Harare, Zimbabwe
263 242 745411|librarian@aju.ac.zw